[Event "Barcelona Sant Marti op 04th"]
[Site "Barcelona"]
[Date "2002.04.13"]
[Round "2.54"]
[White "Sanchez Criado, Manel"]
[Black "Tort Toledo, Manel"]
[Result "1-0"]
[WhiteElo "1700"]
[BlackElo "1765"]
[PlyCount "89"]
[EventDate "2002.04.06"]
[EventType "swiss"]
[EventRounds "9"]
[EventCountry "ESP"]
[SourceTitle "EXT 2003"]
[Source "ChessBase"]
[SourceDate "2002.11.25"]
[SourceVersion "1"]
[SourceVersionDate "2002.11.25"]
[SourceQuality "1"]

1. e4 e6 2. d4 g6 3. Nf3 Bg7 4. e5 Ne7 5. Bf4 0-0 6. Nc3 f6 7. exf6 Bxf6 8. Bh6 Rf7 9. Ng5 Bxg5 10. Bxg5 Qf8 11. Qd2 Nf5 12. g4 Ng7 13. Bh6 b6 14. Bg2 c6 15. Ne4 d5 16. Ng3 e5 17. g5 exd4 18. 0-0-0 Rxf2 19. Qxd4 Qf4+ 20. Qxf4 Rxf4 21. Rde1 Bf5 22. Bxg7 Kxg7 23. Re7+ Kg8 24. Re8+ Kf7 25. Rd8 Rf2 26. Nxf5 Rxf5 27. Rf1 Ke7 28. Rc8 Rxg5 29. Re1+ Kd6 30. Bh3 Rh5 31. Bg4 Rg5 32. Bf3 Rf5 33. Bg4 Rf2 34. b4 a5 35. Re6+ Kd7 36. Ree8+ Kd6 37. Re6+ Kd7 38. Rexc6+ Rf5 39. Bxf5+ gxf5 40. R6c7+ Kd6 41. Rxh7 axb4 42. Kb2 f4 43. Rh6+ Ke7 44. Rhh8 Kf6 45. Rxb8 1-0